Điện Gió
Sách trình bày những kiến thức cơ bản của công nghệ điện gió cũng như những điều liên quan trong quá trình phát triển điện gió.
Enregistré dans:
| Auteur principal: | |
|---|---|
| Format: | Livre |
| Langue: | Undetermined |
| Publié: |
Hà Nội
Lao Động
2012
|
| Sujets: | |
| Tags: |
Ajouter un tag
Pas de tags, Soyez le premier à ajouter un tag!
|
| Thư viện lưu trữ: | Trung tâm Học liệu Trường Đại học Cần Thơ |
|---|
| LEADER | 00823nam a2200229Ia 4500 | ||
|---|---|---|---|
| 001 | CTU_190269 | ||
| 008 | 210402s9999 xx 000 0 und d | ||
| 020 | |c 120000 | ||
| 082 | |a 333.793 | ||
| 082 | |b Ng419 | ||
| 100 | |a Nguyễn, Ngọc | ||
| 245 | 0 | |a Điện Gió | |
| 245 | 0 | |c Nguyễn Ngọc | |
| 260 | |a Hà Nội | ||
| 260 | |b Lao Động | ||
| 260 | |c 2012 | ||
| 520 | |a Sách trình bày những kiến thức cơ bản của công nghệ điện gió cũng như những điều liên quan trong quá trình phát triển điện gió. | ||
| 526 | |a Ứng dụng năng lượng gió và mặt trời | ||
| 526 | |b KC378 | ||
| 650 | |a Windy power,Năng lượng gió | ||
| 904 | |i Hải | ||
| 980 | |a Trung tâm Học liệu Trường Đại học Cần Thơ | ||